Statistiques concernant Villes hôtes du Championnat d'Europe de football (Euro)

Cliquez ici pour prendre le quiz!

Statistiques générales

  • Ce quiz a été pris 388 fois
    (115 depuis la dernière actualisation)
  • Le résultat moyen est 75 sur 116

Statistiques - réponses

ÉditionPays hôteRéponse% Correct
1960FranceParis
100%
2016FranceParis
100%
1984FranceParis
100%
1960FranceMarseille
99%
2016FranceMarseille
99%
1984FranceMarseille
99%
1980ItalieRome
99%
1968ItalieRome
99%
2020EuropeRome
99%
2016FranceDécines-Charpieu (Lyon)
98%
1984FranceLyon
98%
1996AngleterreLondres
97%
2028Royaume-UniLondres
97%
2020EuropeLondres
97%
1980ItalieMilan
96%
1964EspagneMadrid
95%
2024AllemagneBerlin
94%
2004PortugalLisbonne
94%
1964EspagneBarcelone
93%
2016FranceVilleneuve-d'Ascq (Lille)
92%
2024AllemagneMunich
91%
1988Allemagne de l'OuestMunich
91%
2020EuropeMunich
91%
2016FranceNice
91%
2004PortugalPorto
91%
1980ItalieTurin
91%
1972BelgiqueAnderlecht (Bruxelles)
90%
2000BelgiqueBruxelles
90%
1972BelgiqueBruxelles
90%
2016FranceBordeaux
89%
1996AngleterreLiverpool
89%
2028Royaume-UniLiverpool
89%
2020EuropeAmsterdam
88%
2000Pays-BasAmsterdam
88%
2028Royaume-UniManchester
88%
1996AngleterreManchester
88%
1968ItalieNaples
88%
1980ItalieNaples
88%
2016FranceToulouse
88%
1984FranceNantes
87%
2020EuropeDublin
86%
2028IrlandeDublin
86%
2012UkraineKiev
86%
2008AutricheVienne
86%
2008SuisseBerne
85%
2012PologneVarsovie
84%
2016FranceLens
82%
1984FranceLens
82%
1984FranceSaint-Étienne
79%
2016FranceSaint-Etienne
79%
2024AllemagneDortmund
78%
1984FranceStrasbourg
76%
2000Pays-BasRotterdam
75%
2008SuisseGenève
73%
2000BelgiqueLiège
68%
1972BelgiqueLiège
68%
1988Allemagne de l'OuestFrancfort
67%
2024AllemagneFrancfort
67%
2004PortugalBraga
65%
2008SuisseZurich
65%
2024AllemagneHambourg
64%
1988Allemagne de l'OuestHambourg
64%
1972BelgiqueAnvers
63%
1976YougoslavieBelgrade
63%
2028Royaume-UniBirmingham
63%
1996AngleterreBirmingham
63%
2000BelgiqueBruges
63%
2020EuropeBudapest
63%
2012UkraineDonetsk
61%
2020EuropeGlasgow
61%
2028Royaume-UniGlasgow
61%
1976YougoslavieZagreb
61%
2028Royaume-UniNewcastle
60%
1996AngleterreNewcastle
60%
2024AllemagneStuttgart
59%
1988Allemagne de l'OuestStuttgart
59%
2028Royaume-UniCardiff
56%
1988Allemagne de l'OuestCologne
56%
2024AllemagneCologne
56%
1968ItalieFlorence
56%
2008AutricheSalzbourg
55%
2024AllemagneLeipzig
54%
1992SuèdeMalmö
54%
2016FranceSaint-Denis
53%
2020EuropeBucarest
51%
2000Pays-BasEindhoven
49%
2008SuisseBâle
48%
2020EuropeCopenhague
42%
1996AngleterreLeeds
41%
2028Royaume-UniBelfast
39%
1988Allemagne de l'OuestDüsseldorf
34%
2024AllemagneDüsseldorf
34%
2004PortugalFaro
33%
2020EuropeBakou
32%
1992SuèdeGöteborg
31%
1988Allemagne de l'OuestHanovre
30%
2000BelgiqueCharleroi
28%
2012UkraineKharkiv
28%
2020EuropeBilbao
27%
2024AllemagneGelsenkirchen
27%
1988Allemagne de l'OuestGelsenkirchen
27%
2012PologneGdansk
26%
1996AngleterreNottingham
25%
1996AngleterreSheffield
24%
2020EuropeSaint-Pétersbourg
23%
2008AutricheInnsbruck
21%
2012UkraineLviv
20%
2012PolognePoznan
20%
2004PortugalGuimarães
18%
2012PologneWrocław
18%
2004PortugalCoimbra
11%
2004PortugalAveiro
10%
1992SuèdeSolna
9%
2008AutricheKlagenfurt
8%
2000Pays-BasArnhem
3%
1992SuèdeNorrköping
3%

Distribution des résultats

Percentile par nombre de réponses

% des personnes avec chaque résultat

Votre développement - résultats

Vous n’avez pas pris ce quiz depuis la dernière actualisation